Słówka Niemiecki 2 - Statystyki

Ogólne statystyki
  • Ten quiz został rozwiązany 32 razy
  • Średni wynik to 12 z 30
Statystyki odpowiedzi
Hint Odpowiedź % Poprawnych
oferta das Angebot
73%
most die Brücke
73%
katedra der Dom
64%
róg die Ecke
64%
stacja benzynowa die Tankstelle
64%
wstęp der Eintritt
55%
skrzyżowanie die Kreuzung
55%
podróż die Reise
55%
przewodnik die Reiseführer
55%
odjazd die Abfahrt
45%
pomnik das Denkmal
36%
*pokój dwuosobowy das Doppelzimmer
36%
*pokój jednoosobowy das Einzelzimmer
36%
pobyt der Aufenthalt
36%
wycieczka der Ausflug
36%
lotnisko der Flughafen
36%
droga der Weg
36%
sygnalizacja świetlna die Ampel
36%
przystanek die Haltestelle
36%
*rezerwować buchen
27%
*formularz meldunkowy das Anmeldeformular
27%
*niepełne wyżywienie die Halbpension
27%
*pensjonat die Pension
27%
rzecz warta zobaczenia die Sehenswürdigkeit
27%
*zakwaterowanie die Unterkunft
27%
kantor die Wechselstube
27%
*potrącać anfahren
18%
*zapalać silnik anspringen
18%
*holowanie der Abschleppdienst
18%
zwiedzanie miasta pieszo der Stadtrundgang
18%
Nie znaleziono quizów pasujących do podanych kryteriów
Rozkład punktacji
Procent ludzi z każdym wynikiem
Percentyl według liczby udzielonych odpowiedzi
Twoja historia wyników
Nie rozwiązałeś tego quizu